Muž na celý život

Bibliographic Details
Main Author: Domning, Joan J., 1931- (Author)
Other Authors: Dudíková, Zuzana (Translator), Ottová, Jana, 1943- (Translator), Frenck, Hal, 1930-2014 (bjk)
Format: Book
Language:Czech
English
PhysicalDescription:171 s. fotogr. 18 cm
Published: Martin Wist 1994
ISBN:8088756235
Series:Love story
Subjects:

MARC

LEADER 00000cam a2200000 a 4500
001 vtls001076195
003 SK-MaSNL
005 20260301111101.0
008 240606s1994 xo e 0000f cze
015 |a SNBA1994/09 
020 |a 8088756235  |q (brož.) 
035 |a SNK000019028 
040 |a SNK  |b slo  |c SNK  |e AACR2 
041 1 |a cze  |h eng 
044 |a xo  |c SK 
072 7 |a 821.111(73)-3  |x Americká próza  |2 konspekt 
080 |a 820 (73)-3=850  |2 1981 
100 1 |a Domning, Joan J.,  |d 1931-  |4 aut  |9 244791 
240 1 4 |a The Forever Man  |l Česky 
245 1 0 |a Muž na celý život  |c Joan J. Domning ; přel. Zuzana Dudíková, J. Ottová ; obál. Hal Frenck 
260 |a Martin  |b Wist  |c 1994  |e Žilina  |f Žilinské tlačiarne 
300 |a 171 s.  |b fotogr.  |c 18 cm 
490 1 |a Love story  |v 46 
500 |a Razba obál. KRUPA, Košťany 
655 7 |a americké romány  |2 SNKPH  |9 1174 
655 7 |a ľúbostné romány  |2 SNKPH  |9 70497 
700 1 |a Dudíková, Zuzana  |4 trl  |9 21038 
700 1 |a Ottová, Jana,  |d 1943-  |4 trl  |9 244801 
700 1 |a Frenck, Hal,  |d 1930-2014  |4 bjk  |9 245668 
830 0 |a Love story  |9 276554 
852 |a Slovenská národná knižnica 
919 |a 80-88756-23-5 
954 |a beletria cudzojazyčná (svetová)  |2 lita 
958 |a LX 
958 |a UC 
958 |a TL 
958 |a NS 
958 |a CZ 
958 |a UP 
968 |b ENG 
999 |c 705437  |d 707367 
952 |t P60, <04>, [BOOK], {604}  |a SNK  |b SNK  |y VYP  |7 0  |p 17A0346095  |o snkSD 66550 D1  |i snkKSP 8091/94  |0 0  |1 0  |4 0  |d 2002-06-18  |l 0  |r 2004-12-31 00:00:00  |w 2026-02-23 
952 |a SNK  |b SNK  |y PREZ  |7 0  |p 17A1051762  |o snkSD 66550   |0 0  |1 0  |4 0  |d 2013-07-17  |l 0  |r 2026-02-23 21:13:58  |w 2026-02-23